000 00269as aa2200097a 44500
090 _aSERIADAS
_b01268
245 1 0 _aConservación mundial: boletín de la UICN
260 _bUnión Mundial para la Conservación de la Naturaleza
_a41
041 0 _aEspañol
942 _cREVISTA
999 _c16822
_d16822